Generation 9 Pokémon - Statistics

General Stats
  • This quiz has been taken 1,783 times
    866 since last reset
  • The average score is 71 of 120
Answer Stats
No. Type Pokémon % Correct
#906 Grass Sprigatito
95%
#909 Fire Fuecoco
93%
#908 Grass/Dark Meowscarada
93%
#912 Water Quaxly
93%
#911 Fire/Ghost Skeledirge
89%
#914 Water/Fighting Quaquaval
83%
#907 Grass Floragato
82%
#921 Electric Pawmi
82%
#922 Electric/Fighting Pawmo
82%
#923 Electric/Fighting Pawmot
81%
#913 Water Quaxwell
79%
#910 Fire Crocalor
78%
#1008 Electric/Dragon Miraidon
76%
#1007 Fighting/Dragon Koraidon
75%
#915 Normal Lechonk
74%
#920 Bug/Dark Lokix
72%
#959 Fairy/Steel Tinkaton
72%
#941 Electric/Flying Kilowattrel
70%
#957 Fairy/Steel Tinkatink
70%
#937 Fire/Ghost Ceruledge
69%
#918 Bug Spidops
69%
#992 Fighting/Electric Iron Hands
68%
#940 Electric/Flying Wattrel
68%
#928 Grass/Normal Smoliv
67%
#935 Fire Charcadet
66%
#1006 Fairy/Fighting Iron Valiant
65%
#985 Fairy/Psychic Scream Tail
65%
#930 Grass/Normal Arboliva
64%
#998 Ice/Dragon Baxcalibur
64%
#991 Ice/Water Iron Bundle
64%
#958 Fairy/Steel Tinkatuff
64%
#936 Fire/Psychic Armarouge
63%
#919 Bug Nymble
63%
#987 Ghost/Fairy Flutter Mane
62%
#990 Ground/Steel Iron Treads
62%
#932 Rock Nacli
62%
#916 Normal Oinkologne
62%
#978 Dragon/Water Tatsugiri
62%
#977 Water Dondozo
61%
#934 Rock Garganacl
61%
#994 Fire/Poison Iron Moth
61%
#965 Steel/Poison Varoom
61%
#966 Steel/Poison Revavroom
60%
#986 Grass/Dark Brute Bonnet
59%
#1002 Dark/Ice Chien-Pao
59%
#929 Grass/Normal Dolliv
59%
#996 Ice/Dragon Frigibax
59%
#993 Dark/Flying Iron Jugulis
59%
#1005 Dragon/Dark Roaring Moon
59%
#917 Bug Tarountula
59%
#1004 Dark/Fire Chi-Yu
58%
#926 Fairy Fidough
58%
#933 Rock Naclstack
58%
#1009 Water/Dragon Walking Wake
58%
#962 Dark/Flying Bombirdier
57%
#1000 Ghost/Steel Gholdengo
57%
#984 Ground/Fighting Great Tusk
57%
#995 Rock/Electric Iron Thorns
57%
#989 Electric/Ground Sandy Shocks
57%
#1024 Normal Terapagos
57%
#999 Ghost Gimmighoul
56%
#1025 Poison/Ghost Pecharunt
56%
#1003 Dark/Ground Ting-Lu
56%
#997 Ice/Dragon Arctibax
55%
#967 Dragon/Normal Cyclizar
55%
#945 Poison/Normal Grafaiai
55%
#983 Dark/Steel Kingambit
55%
#1015 Poison/Psychic Munkidori
55%
#952 Grass/Fire Scovillain
55%
#1001 Dark/Grass Wo-Chien
55%
#980 Poison/Ground Clodsire
54%
#1010 Grass/Psychic Iron Leaves
54%
#950 Rock Klawf
54%
#1017 Grass Ogerpon
54%
#1014 Poison/Fighting Okidogi
54%
#988 Bug/Fighting Slither Wing
54%
#939 Electric Bellibolt
53%
#975 Ice Cetitan
53%
#927 Fairy Dachsbun
53%
#956 Psychic Espathra
53%
#1016 Poison/Fairy Fezandipiti
53%
#943 Dark Mabosstiff
53%
#944 Poison/Normal Shroodle
53%
#947 Grass/Ghost Brambleghast
52%
#946 Grass/Ghost Bramblin
52%
#951 Grass Capsakid
52%
#973 Flying/Fighting Flamigo
52%
#1019 Grass/Dragon Hydrapple
52%
#976 Water/Psychic Veluza
52%
#974 Ice Cetoddle
51%
#955 Psychic Flittle
51%
#970 Poison/Rock Glimmora
51%
#953 Bug Rellor
51%
#979 Fighting/Ghost Annihilape
50%
#969 Poison/Rock Glimmet
50%
#1023 Steel/Psychic Iron Crown
50%
#954 Bug/Psychic Rabsca
50%
#1021 Electric/Dragon Raging Bolt
50%
#1022 Rock/Psychic Iron Boulder
49%
#968 Steel Orthworm
49%
#938 Electric Tadbulb
49%
#948 Ground/Grass Toedscool
49%
#1018 Steel/Dragon Archaludon
48%
#1011 Grass/Dragon Dipplin
48%
#982 Normal Dudunsparce
48%
#981 Normal/Psychic Farigiraf
48%
#949 Ground/Grass Toedscruel
48%
#942 Dark Maschiff
47%
#961 Water Wugtrio
47%
#1020 Fire/Dragon Gouging Fire
46%
#925 Normal Maushold
46%
#931 Normal/Flying Squawkabilly
46%
#960 Water Wiglett
46%
#972 Ghost Houndstone
45%
#924 Normal Tandemaus
45%
#964 Water Palafin
44%
#971 Ghost Greavard
43%
#1013 Grass/Ghost Sinistcha
43%
#963 Water Finizen
42%
#1012 Grass/Ghost Poltchageist
39%
No matching quizzes found
Score Distribution
Percent of People with Each Score
Percentile by Number Answered
Your Score History
You have not taken this quiz since the last reset